[Event "Najdorf Memorial"]
[Site "Warsaw POL"]
[Date "2021.07.18"]
[Round "9.11"]
[White "Deszczynski, Adam"]
[Black "Rudzinska, Michalina"]
[Result "1-0"]
[WhiteElo "2311"]
[BlackElo "2238"]
[EventDate "????.??.??"]
[PlyCount "123"]
[LiveChessVersion "1.4.8"]

1.d4 {[%clk 1:30:04]} 1...Nf6 {[%clk 1:30:40]} 2.c4 {[%clk 1:29:40]} 2...e6
{[%clk 1:30:59]} 3.Nc3 {[%clk 1:27:48]} 3...Bb4 {[%clk 1:30:45]} 4.Qc2 {[%clk
1:23:47]} 4...c5 {[%clk 1:30:56]} 5.dxc5 {[%clk 1:22:59]} 5...O-O {[%clk
1:31:17]} 6.a3 {[%clk 1:12:45]} 6...Bxc5 {[%clk 1:25:24]} 7.Nf3 {[%clk 1:11:09]}
7...b6 {[%clk 1:23:25]} 8.Bg5 {[%clk 1:05:04]} 8...Bb7 {[%clk 1:22:08]} 9.e3
{[%clk 1:04:41]} 9...Be7 {[%clk 1:21:09]} 10.Be2 {[%clk 1:02:55]} 10...d6
{[%clk 1:17:18]} 11.O-O {[%clk 0:59:58]} 11...Nbd7 {[%clk 1:17:41]} 12.Rfd1
{[%clk 0:54:10]} 12...a6 {[%clk 1:17:42]} 13.Bf4 {[%clk 0:42:58]} 13...e5
{[%clk 1:11:40]} 14.Bg5 {[%clk 0:41:03]} 14...Qc7 {[%clk 1:10:48]} 15.Rac1
{[%clk 0:37:45]} 15...Rac8 {[%clk 1:06:07]} 16.Nd2 {[%clk 0:31:03]} 16...Rfe8
{[%clk 0:56:51]} 17.Bxf6 {[%clk 0:24:09]} 17...Nxf6 {[%clk 0:56:28]} 18.Qd3
{[%clk 0:21:32]} 18...Qd7 {[%clk 0:44:24]} 19.Bf3 {[%clk 0:20:59]} 19...Bxf3
{[%clk 0:43:37]} 20.Nxf3 {[%clk 0:19:58]} 20...Rc7 {[%clk 0:26:31]} 21.Ng5
{[%clk 0:16:46]} 21...h6 {[%clk 0:23:07]} 22.Nge4 {[%clk 0:17:02]} 22...Nxe4
{[%clk 0:22:25]} 23.Qxe4 {[%clk 0:16:24]} 23...Bf8 {[%clk 0:21:50]} 24.Nd5
{[%clk 0:15:51]} 24...Rb7 {[%clk 0:21:51]} 25.b4 {[%clk 0:11:41]} 25...f5
{[%clk 0:19:28]} 26.Qd3 {[%clk 0:11:15]} 26...Qf7 {[%clk 0:19:09]} 27.a4 {[%clk
0:09:10]} 27...g5 {[%clk 0:13:48]} 28.e4 {[%clk 0:07:37]} 28...f4 {[%clk
0:13:20]} 29.Ra1 {[%clk 0:05:02]} 29...a5 {[%clk 0:08:15]} 30.bxa5 {[%clk
0:04:48]} 30...bxa5 {[%clk 0:08:40]} 31.Rab1 {[%clk 0:05:05]} 31...Reb8 {[%clk
0:08:51]} 32.Rb5 {[%clk 0:05:25]} 32...g4 {[%clk 0:07:10]} 33.Rdb1 {[%clk
0:05:18]} 33...Kg7 {[%clk 0:04:19]} 34.Qb3 {[%clk 0:05:03]} 34...Rxb5 {[%clk
0:04:39]} 35.cxb5 {[%clk 0:05:10]} 35...Be7 {[%clk 0:03:36]} 36.Rc1 {[%clk
0:05:19]} 36...Bd8 {[%clk 0:03:50]} 37.Rc6 {[%clk 0:04:31]} 37...Qg6 {[%clk
0:03:22]} 38.Qc4 {[%clk 0:04:10]} 38...h5 {[%clk 0:01:41]} 39.Qd3 {[%clk
0:04:03]} 39...h4 {[%clk 0:01:17]} 40.h3 {[%clk 0:33:56]} 40...gxh3 {[%clk
0:30:49]} 41.Qxh3 {[%clk 0:33:00]} 41...Rb7 {[%clk 0:25:36]} 42.f3 {[%clk
0:31:24]} 42...Kh6 {[%clk 0:21:52]} 43.Qg4 {[%clk 0:30:13]} 43...Qxg4 {[%clk
0:21:35]} 44.fxg4 {[%clk 0:30:36]} 44...Kg5 {[%clk 0:21:17]} 45.Rxd6 {[%clk
0:29:45]} 45...Be7 {[%clk 0:18:10]} 46.Rc6 {[%clk 0:28:56]} 46...Kxg4 {[%clk
0:18:15]} 47.Kf2 {[%clk 0:27:15]} 47...h3 {[%clk 0:16:47]} 48.gxh3+ {[%clk
0:21:06]} 48...Kxh3 {[%clk 0:17:10]} 49.Kf3 {[%clk 0:20:26]} 49...Bh4 {[%clk
0:17:15]} 50.Rc1 {[%clk 0:20:37]} 50...Kh2 {[%clk 0:16:43]} 51.Rc7 {[%clk
0:20:19]} 51...Rb8 {[%clk 0:17:01]} 52.Rh7 {[%clk 0:20:37]} 52...Kh3 {[%clk
0:17:23]} 53.Rh5 {[%clk 0:17:42]} 53...Rg8 {[%clk 0:15:50]} 54.Rxe5 {[%clk
0:17:11]} 54...Rg3+ {[%clk 0:16:09]} 55.Kxf4 {[%clk 0:17:13]} 55...Rg4+ {[%clk
0:14:03]} 56.Kf5 {[%clk 0:14:42]} 56...Rg5+ {[%clk 0:14:12]} 57.Ke6 {[%clk
0:14:37]} 57...Rg1 {[%clk 0:13:40]} 58.b6 {[%clk 0:06:54]} 58...Bg3 {[%clk
0:13:07]} 59.Rg5 {[%clk 0:06:02]} 59...Ra1 {[%clk 0:12:35]} 60.e5 {[%clk
0:03:50]} 60...Kh4 {[%clk 0:12:11]} 61.Rxg3 {[%clk 0:03:22]} 61...Kxg3 {[%clk
0:12:33]} 62.Kd6 {[%clk 0:03:40]} 1-0

[Event "Najdorf Memorial"]
[Site "Warsaw POL"]
[Date "2021.07.18"]
[Round "9.12"]
[White "Chylewski, Patryk"]
[Black "Dzhuguryan, Tygran"]
[Result "1/2-1/2"]
[WhiteElo "2290"]
[BlackElo "2176"]
[EventDate "????.??.??"]
[PlyCount "39"]
[LiveChessVersion "1.4.8"]

1.d4 {[%clk 1:30:57]} 1...d5 {[%clk 1:30:31]} 2.c4 {[%clk 1:31:20]} 2...c6
{[%clk 1:30:47]} 3.cxd5 {[%clk 1:30:58]} 3...cxd5 {[%clk 1:31:15]} 4.Bf4 {[%clk
1:31:22]} 4...Nc6 {[%clk 1:31:17]} 5.e3 {[%clk 1:31:44]} 5...Nf6 {[%clk
1:30:43]} 6.Nc3 {[%clk 1:32:10]} 6...a6 {[%clk 1:29:49]} 7.Bd3 {[%clk 1:32:26]}
7...e6 {[%clk 1:26:00]} 8.Rc1 {[%clk 1:30:57]} 8...Be7 {[%clk 1:25:56]} 9.h3
{[%clk 1:30:03]} 9...Bd7 {[%clk 1:25:12]} 10.Nf3 {[%clk 1:30:15]} 10...Rc8
{[%clk 1:24:55]} 11.O-O {[%clk 1:30:23]} 11...b5 {[%clk 1:24:44]} 12.e4 {[%clk
1:27:43]} 12...dxe4 {[%clk 1:12:45]} 13.Nxe4 {[%clk 1:27:54]} 13...Nb4 {[%clk
1:11:01]} 14.Nxf6+ {[%clk 1:16:55]} 14...Bxf6 {[%clk 1:11:02]} 15.Bb1 {[%clk
1:15:34]} 15...Bc6 {[%clk 0:57:53]} 16.Ne5 {[%clk 1:10:00]} 16...Bb7 {[%clk
0:55:33]} 17.Rxc8 {[%clk 1:08:40]} 17...Qxc8 {[%clk 0:54:00]} 18.Qd2 {[%clk
1:06:38]} 18...Nd5 {[%clk 0:52:26]} 19.Rc1 {[%clk 0:47:06]} 19...Qd8 {[%clk
0:52:46]} 20.Bg3 {[%clk 0:39:34]} 1/2-1/2

[Event "Najdorf Memorial"]
[Site "Warsaw POL"]
[Date "2021.07.18"]
[Round "9.13"]
[White "Kokoszczynski, Jan"]
[Black "Bus, Konrad"]
[Result "1/2-1/2"]
[WhiteElo "2219"]
[BlackElo "2266"]
[EventDate "????.??.??"]
[PlyCount "40"]
[LiveChessVersion "1.4.8"]

1.d4 {[%clk 1:30:53]} 1...d5 {[%clk 1:30:48]} 2.c4 {[%clk 1:31:07]} 2...c6
{[%clk 1:30:59]} 3.cxd5 {[%clk 1:31:23]} 3...cxd5 {[%clk 1:31:22]} 4.Bf4 {[%clk
1:31:52]} 4...Nc6 {[%clk 1:30:49]} 5.e3 {[%clk 1:32:15]} 5...Nf6 {[%clk
1:30:47]} 6.Nc3 {[%clk 1:32:40]} 6...Bg4 {[%clk 1:29:13]} 7.Qb3 {[%clk 1:31:13]}
7...Na5 {[%clk 1:28:11]} 8.Qa4+ {[%clk 1:31:32]} 8...Bd7 {[%clk 1:27:52]} 9.Qc2
{[%clk 1:31:57]} 9...e6 {[%clk 1:26:51]} 10.Nf3 {[%clk 1:31:12]} 10...Be7
{[%clk 1:23:26]} 11.Bd3 {[%clk 1:23:26]} 11...Nc6 {[%clk 1:16:23]} 12.a3 {[%clk
1:14:02]} 12...Nh5 {[%clk 1:11:38]} 13.Be5 {[%clk 1:12:21]} 13...Nxe5 {[%clk
1:05:39]} 14.Nxe5 {[%clk 1:03:38]} 14...Nf6 {[%clk 1:02:10]} 15.f4 {[%clk
1:02:40]} 15...Rc8 {[%clk 0:52:10]} 16.O-O {[%clk 0:59:12]} 16...g6 {[%clk
0:47:18]} 17.g4 {[%clk 0:51:12]} 17...Bd6 {[%clk 0:43:00]} 18.Qe2 {[%clk
0:44:12]} 18...Bc6 {[%clk 0:36:36]} 19.Rac1 {[%clk 0:38:08]} 19...Nd7 {[%clk
0:30:52]} 20.Nb5 {[%clk 0:13:17]} 20...Bb8 {[%clk 0:28:13]} 1/2-1/2

[Event "Najdorf Memorial"]
[Site "Warsaw POL"]
[Date "2021.07.18"]
[Round "9.14"]
[White "Kjartansson, Gudmundur"]
[Black "Siwiec, Arkadiusz"]
[Result "0-1"]
[WhiteElo "2496"]
[BlackElo "2206"]
[EventDate "????.??.??"]
[PlyCount "96"]
[LiveChessVersion "1.4.8"]

1.c4 {[%clk 1:30:55]} 1...e5 {[%clk 1:29:51]} 2.g3 {[%clk 1:30:28]} 2...Nf6
{[%clk 1:30:14]} 3.Bg2 {[%clk 1:30:54]} 3...Nc6 {[%clk 1:30:36]} 4.Nc3 {[%clk
1:30:54]} 4...Bb4 {[%clk 1:30:46]} 5.Nf3 {[%clk 1:27:41]} 5...Bxc3 {[%clk
1:31:03]} 6.bxc3 {[%clk 1:26:54]} 6...O-O {[%clk 1:31:27]} 7.O-O {[%clk
1:26:46]} 7...Re8 {[%clk 1:31:25]} 8.d3 {[%clk 1:25:39]} 8...e4 {[%clk 1:20:25]}
9.Ng5 {[%clk 1:11:43]} 9...exd3 {[%clk 1:13:48]} 10.exd3 {[%clk 1:12:01]}
10...d6 {[%clk 1:09:23]} 11.Rb1 {[%clk 1:10:57]} 11...Ne5 {[%clk 0:49:05]}
12.f4 {[%clk 1:03:39]} 12...Ned7 {[%clk 0:48:28]} 13.d4 {[%clk 0:59:41]}
13...h6 {[%clk 0:48:11]} 14.Nf3 {[%clk 0:58:23]} 14...Ne4 {[%clk 0:48:19]}
15.Qd3 {[%clk 0:57:11]} 15...Nf8 {[%clk 0:30:11]} 16.Nd2 {[%clk 0:51:42]}
16...Nxd2 {[%clk 0:29:47]} 17.Bxd2 {[%clk 0:51:57]} 17...Rb8 {[%clk 0:29:31]}
18.f5 {[%clk 0:46:38]} 18...Nh7 {[%clk 0:23:16]} 19.c5 {[%clk 0:29:55]}
19...dxc5 {[%clk 0:21:50]} 20.Qc4 {[%clk 0:28:35]} 20...b6 {[%clk 0:20:41]}
21.Rbd1 {[%clk 0:26:18]} 21...cxd4 {[%clk 0:18:48]} 22.Bf4 {[%clk 0:21:26]}
22...Bxf5 {[%clk 0:16:58]} 23.Bxc7 {[%clk 0:20:44]} 23...Rc8 {[%clk 0:12:41]}
24.Rxd4 {[%clk 0:09:48]} 24...Qxc7 {[%clk 0:13:03]} 25.Qxc7 {[%clk 0:09:58]}
25...Rxc7 {[%clk 0:13:32]} 26.Rxf5 {[%clk 0:10:22]} 26...g6 {[%clk 0:07:27]}
27.Rf2 {[%clk 0:08:32]} 27...Re1+ {[%clk 0:07:03]} 28.Bf1 {[%clk 0:08:54]}
28...Ng5 {[%clk 0:07:24]} 29.Kg2 {[%clk 0:07:30]} 29...Ne4 {[%clk 0:06:48]}
30.Rf3 {[%clk 0:05:35]} 30...Nxc3 {[%clk 0:01:52]} 31.Rc4 {[%clk 0:05:52]}
31...Nd5 {[%clk 0:01:40]} 32.Rxc7 {[%clk 0:03:22]} 32...Nxc7 {[%clk 0:02:10]}
33.Bc4 {[%clk 0:03:44]} 33...Re7 {[%clk 0:02:25]} 34.a4 {[%clk 0:02:19]}
34...Kg7 {[%clk 0:02:03]} 35.Rd3 {[%clk 0:01:39]} 35...Kf6 {[%clk 0:01:30]}
36.Rd6+ {[%clk 0:01:33]} 36...Ke5 {[%clk 0:01:36]} 37.Rc6 {[%clk 0:01:57]}
37...Kd4 {[%clk 0:01:32]} 38.Bb3 {[%clk 0:01:43]} 38...Ne6 {[%clk 0:01:53]}
39.Bxe6 {[%clk 0:01:13]} 39...fxe6 {[%clk 0:01:02]} 40.a5 {[%clk 0:31:03]}
40...b5 {[%clk 0:30:43]} 41.a6 {[%clk 0:31:01]} 41...b4 {[%clk 0:30:58]} 42.Rc8
{[%clk 0:31:26]} 42...b3 {[%clk 0:25:35]} 43.Rb8 {[%clk 0:31:53]} 43...Kc3
{[%clk 0:26:01]} 44.Rb7 {[%clk 0:32:21]} 44...Re8 {[%clk 0:26:25]} 45.Rxa7
{[%clk 0:31:53]} 45...b2 {[%clk 0:26:48]} 46.Rb7 {[%clk 0:32:21]} 46...Kc2
{[%clk 0:26:58]} 47.Rc7+ {[%clk 0:32:48]} 47...Kb3 {[%clk 0:27:24]} 48.Rb7+
{[%clk 0:33:08]} 48...Ka2 {[%clk 0:27:50]} 0-1

[Event "Najdorf Memorial"]
[Site "Warsaw POL"]
[Date "2021.07.18"]
[Round "9.15"]
[White "Pacan-milej, Kosma"]
[Black "Bednarczyk, Damian"]
[Result "1-0"]
[WhiteElo "2421"]
[BlackElo "2247"]
[EventDate "????.??.??"]
[PlyCount "111"]
[LiveChessVersion "1.4.8"]

1.d4 {[%clk 1:30:58]} 1...Nf6 {[%clk 1:15:18]} 2.c4 {[%clk 1:31:21]} 2...e6
{[%clk 1:15:23]} 3.Nc3 {[%clk 1:31:41]} 3...d5 {[%clk 1:15:39]} 4.cxd5 {[%clk
1:31:46]} 4...exd5 {[%clk 1:16:01]} 5.Bg5 {[%clk 1:32:09]} 5...Be7 {[%clk
1:15:35]} 6.e3 {[%clk 1:32:30]} 6...Nbd7 {[%clk 1:15:21]} 7.Bd3 {[%clk 1:32:26]}
7...Nf8 {[%clk 1:15:24]} 8.Bf4 {[%clk 1:25:49]} 8...Ne6 {[%clk 1:08:00]} 9.Be5
{[%clk 1:24:27]} 9...c6 {[%clk 1:07:40]} 10.h3 {[%clk 1:20:52]} 10...O-O {[%clk
0:57:38]} 11.Qc2 {[%clk 1:17:51]} 11...g6 {[%clk 0:57:45]} 12.Nf3 {[%clk
1:13:46]} 12...Ng7 {[%clk 0:57:31]} 13.g4 {[%clk 1:07:02]} 13...b5 {[%clk
0:55:11]} 14.a4 {[%clk 0:34:34]} 14...b4 {[%clk 0:38:41]} 15.Ne2 {[%clk
0:34:59]} 15...Bb7 {[%clk 0:37:16]} 16.Bxf6 {[%clk 0:19:56]} 16...Bxf6 {[%clk
0:37:43]} 17.h4 {[%clk 0:20:19]} 17...Rc8 {[%clk 0:30:19]} 18.h5 {[%clk
0:17:34]} 18...c5 {[%clk 0:30:30]} 19.hxg6 {[%clk 0:15:03]} 19...cxd4 {[%clk
0:30:42]} 20.gxf7+ {[%clk 0:12:05]} 20...Rxf7 {[%clk 0:28:42]} 21.Bxh7+ {[%clk
0:10:03]} 21...Kf8 {[%clk 0:29:08]} 22.Qb3 {[%clk 0:08:43]} 22...Ne6 {[%clk
0:23:17]} 23.Bf5 {[%clk 0:07:54]} 23...Nc5 {[%clk 0:23:04]} 24.Qxb4 {[%clk
0:07:14]} 24...Qd6 {[%clk 0:19:48]} 25.Kf1 {[%clk 0:06:22]} 25...dxe3 {[%clk
0:19:31]} 26.Bxc8 {[%clk 0:03:50]} 26...Bxc8 {[%clk 0:19:49]} 27.Rc1 {[%clk
0:04:09]} 27...Rc7 {[%clk 0:13:22]} 28.Rh6 {[%clk 0:04:16]} 28...a5 {[%clk
0:08:50]} 29.Qf4 {[%clk 0:01:23]} 29...Qxf4 {[%clk 0:08:53]} 30.Nxf4 {[%clk
0:01:52]} 30...Bxb2 {[%clk 0:09:02]} 31.Rc2 {[%clk 0:01:48]} 31...Bg7 {[%clk
0:08:52]} 32.Nxd5 {[%clk 0:00:47]} 32...Bxh6 {[%clk 0:05:39]} 33.Nxc7 {[%clk
0:01:14]} 33...Ne4 {[%clk 0:03:26]} 34.fxe3 {[%clk 0:01:04]} 34...Bxg4 {[%clk
0:03:46]} 35.Kg2 {[%clk 0:00:45]} 35...Nf6 {[%clk 0:01:11]} 36.Rc3 {[%clk
0:00:48]} 36...Bd7 {[%clk 0:01:24]} 37.Ra3 {[%clk 0:00:34]} 37...Bc6 {[%clk
0:01:48]} 38.Ne6+ {[%clk 0:00:49]} 38...Ke7 39.Nd4 {[%clk 0:01:04]} 39...Be4
{[%clk 0:01:45]} 40.Kg3 {[%clk 0:30:55]} 40...Nd5 {[%clk 0:30:46]} 41.Nc6+
{[%clk 0:16:33]} 41...Kd6 {[%clk 0:23:23]} 42.Nxa5 {[%clk 0:16:04]} 42...Nxe3
{[%clk 0:21:38]} 43.Rb3 {[%clk 0:14:25]} 43...Nd5 {[%clk 0:11:36]} 44.Nb7+
{[%clk 0:12:15]} 44...Kc7 {[%clk 0:11:01]} 45.Nc5 {[%clk 0:06:33]} 45...Bf5
{[%clk 0:07:44]} 46.Nd4 {[%clk 0:06:32]} 46...Bc8 {[%clk 0:08:02]} 47.a5 {[%clk
0:05:22]} 47...Be3 {[%clk 0:06:08]} 48.Nce6+ {[%clk 0:01:22]} 48...Kd6 {[%clk
0:03:19]} 49.Nf5+ {[%clk 0:01:24]} 49...Kxe6 {[%clk 0:03:38]} 50.Nxe3 {[%clk
0:01:52]} 50...Nc7 {[%clk 0:03:58]} 51.Rb6+ {[%clk 0:02:02]} 51...Kd7 {[%clk
0:04:21]} 52.Kf4 {[%clk 0:01:57]} 52...Na8 {[%clk 0:04:01]} 53.Rb8 {[%clk
0:02:11]} 53...Nc7 {[%clk 0:04:15]} 54.Ke5 {[%clk 0:02:07]} 54...Ba6 {[%clk
0:04:20]} 55.Nd5 {[%clk 0:02:04]} 55...Ne6 {[%clk 0:02:05]} 56.Rb6 {[%clk
0:02:26]} 1-0

[Event "Najdorf Memorial"]
[Site "Warsaw POL"]
[Date "2021.07.18"]
[Round "9.16"]
[White "Karwowski, Kacper"]
[Black "Cukrowski, Filip"]
[Result "1/2-1/2"]
[WhiteElo "2243"]
[BlackElo "2389"]
[EventDate "????.??.??"]
[PlyCount "42"]
[LiveChessVersion "1.4.8"]

1.e4 {[%clk 1:29:24]} 1...c5 {[%clk 1:29:37]} 2.c3 {[%clk 1:29:19]} 2...d6
{[%clk 1:26:10]} 3.d4 {[%clk 1:29:34]} 3...Nf6 {[%clk 1:26:17]} 4.Bd3 {[%clk
1:29:50]} 4...cxd4 {[%clk 1:26:36]} 5.cxd4 {[%clk 1:30:15]} 5...e5 {[%clk
1:26:56]} 6.Nf3 {[%clk 1:30:05]} 6...Be7 {[%clk 1:24:17]} 7.O-O {[%clk 1:30:08]}
7...Bg4 {[%clk 1:17:44]} 8.Qa4+ {[%clk 1:20:32]} 8...Nfd7 {[%clk 1:11:35]}
9.Nbd2 {[%clk 1:17:11]} 9...O-O {[%clk 1:10:25]} 10.h3 {[%clk 1:16:49]}
10...Bh5 {[%clk 1:10:21]} 11.g4 {[%clk 1:09:05]} 11...Bg6 {[%clk 1:10:14]}
12.d5 {[%clk 1:09:06]} 12...h5 {[%clk 0:53:46]} 13.Qd1 {[%clk 1:04:09]} 13...a5
{[%clk 0:41:10]} 14.Ne1 {[%clk 1:00:35]} 14...hxg4 {[%clk 0:40:05]} 15.hxg4
{[%clk 1:01:02]} 15...Nc5 {[%clk 0:40:23]} 16.f3 {[%clk 1:00:00]} 16...Bh4
{[%clk 0:30:45]} 17.Qe2 {[%clk 0:50:05]} 17...Bxe1 {[%clk 0:18:49]} 18.Rxe1
{[%clk 0:50:29]} 18...Qh4 {[%clk 0:19:07]} 19.Bb5 {[%clk 0:45:56]} 19...Qg3+
{[%clk 0:17:21]} 20.Kf1 {[%clk 0:45:59]} 20...f6 {[%clk 0:14:50]} 21.Qg2 {[%clk
0:45:19]} 21...Qxg2+ {[%clk 0:14:43]} 1/2-1/2

[Event "Najdorf Memorial"]
[Site "Warsaw POL"]
[Date "2021.07.18"]
[Round "9.17"]
[White "Zylka, Stanislaw"]
[Black "Czernek, Tymon"]
[Result "1/2-1/2"]
[WhiteElo "2362"]
[BlackElo "2171"]
[EventDate "????.??.??"]
[PlyCount "139"]
[LiveChessVersion "1.4.8"]

1.e4 {[%clk 1:30:47]} 1...c5 {[%clk 1:30:43]} 2.Nf3 {[%clk 1:31:10]} 2...d6
{[%clk 1:31:04]} 3.d4 {[%clk 1:31:24]} 3...cxd4 {[%clk 1:31:29]} 4.Qxd4 {[%clk
1:31:42]} 4...Nc6 {[%clk 1:31:49]} 5.Bb5 {[%clk 1:32:00]} 5...Bd7 {[%clk
1:32:14]} 6.Qd3 {[%clk 1:32:17]} 6...Nf6 {[%clk 1:30:52]} 7.c4 {[%clk 1:31:40]}
7...g6 {[%clk 1:26:34]} 8.Nc3 {[%clk 1:32:00]} 8...Bg7 {[%clk 1:26:00]} 9.O-O
{[%clk 1:32:00]} 9...O-O {[%clk 1:26:06]} 10.h3 {[%clk 1:31:42]} 10...Rc8
{[%clk 1:23:20]} 11.Bxc6 {[%clk 1:27:04]} 11...Bxc6 {[%clk 1:23:18]} 12.Nd4
{[%clk 1:24:51]} 12...Nd7 {[%clk 1:15:14]} 13.Be3 {[%clk 1:20:43]} 13...Qa5
{[%clk 1:10:12]} 14.Rac1 {[%clk 1:17:12]} 14...Qh5 {[%clk 1:05:42]} 15.Qe2
{[%clk 1:15:02]} 15...Qxe2 {[%clk 1:05:01]} 16.Ndxe2 {[%clk 1:15:20]} 16...b6
{[%clk 0:59:08]} 17.f3 {[%clk 1:10:28]} 17...Nc5 {[%clk 0:59:06]} 18.Rfd1
{[%clk 1:09:42]} 18...Na4 {[%clk 0:58:26]} 19.Nxa4 {[%clk 1:09:36]} 19...Bxa4
{[%clk 0:58:38]} 20.b3 {[%clk 1:09:58]} 20...Bc6 {[%clk 0:58:51]} 21.Kf2 {[%clk
1:08:55]} 21...Rfd8 {[%clk 0:57:42]} 22.g4 {[%clk 1:05:18]} 22...Bb2 {[%clk
0:55:40]} 23.Rc2 {[%clk 1:05:11]} 23...Bf6 {[%clk 0:55:43]} 24.a4 {[%clk
1:04:32]} 24...Bh4+ {[%clk 0:50:54]} 25.Kg2 {[%clk 1:03:36]} 25...f5 {[%clk
0:49:06]} 26.exf5 {[%clk 1:00:34]} 26...gxf5 {[%clk 0:48:53]} 27.Nd4 {[%clk
1:00:25]} 27...fxg4 {[%clk 0:47:50]} 28.hxg4 {[%clk 1:00:43]} 28...Bd7 {[%clk
0:44:06]} 29.g5 {[%clk 0:53:51]} 29...h6 {[%clk 0:44:31]} 30.gxh6 {[%clk
0:53:52]} 30...Kh7 {[%clk 0:44:39]} 31.Rh1 {[%clk 0:53:41]} 31...Bf6 {[%clk
0:44:18]} 32.Rd2 {[%clk 0:43:24]} 32...Rg8+ {[%clk 0:42:38]} 33.Kf2 {[%clk
0:39:41]} 33...Rcf8 {[%clk 0:42:34]} 34.Rdd1 {[%clk 0:37:14]} 34...Bg4 {[%clk
0:34:20]} 35.fxg4 {[%clk 0:08:19]} 35...Bxd4+ {[%clk 0:34:44]} 36.Ke2 {[%clk
0:08:40]} 36...Bxe3 {[%clk 0:35:11]} 37.Kxe3 {[%clk 0:09:03]} 37...Rxg4 {[%clk
0:35:36]} 38.Rde1 {[%clk 0:08:41]} 38...a5 {[%clk 0:32:33]} 39.Rh3 {[%clk
0:08:28]} 39...Rf6 {[%clk 0:31:58]} 40.Kd2 {[%clk 0:34:27]} 40...e6 {[%clk
0:59:38]} 41.Rd3 {[%clk 0:33:09]} 41...d5 {[%clk 0:53:38]} 42.cxd5 {[%clk
0:31:56]} 42...exd5 {[%clk 0:54:02]} 43.Rxd5 {[%clk 0:31:21]} 43...Kxh6 {[%clk
0:53:49]} 44.Re3 {[%clk 0:31:26]} 44...Kg6 {[%clk 0:53:55]} 45.Rh3 {[%clk
0:29:46]} 45...Rb4 {[%clk 0:49:16]} 46.Rg3+ {[%clk 0:29:38]} 46...Kf7 {[%clk
0:49:25]} 47.Rd7+ {[%clk 0:29:36]} 47...Ke6 {[%clk 0:49:50]} 48.Rdd3 {[%clk
0:28:47]} 48...Ke7 {[%clk 0:43:42]} 49.Rg7+ {[%clk 0:28:53]} 49...Rf7 {[%clk
0:42:53]} 50.Rg1 {[%clk 0:28:58]} 50...Rff4 {[%clk 0:40:57]} 51.Kc3 {[%clk
0:29:07]} 51...b5 {[%clk 0:40:07]} 52.Re1+ {[%clk 0:29:31]} 52...Kf7 {[%clk
0:39:23]} 53.Rd7+ {[%clk 0:29:45]} 53...Kf6 {[%clk 0:39:44]} 54.Rd6+ {[%clk
0:29:53]} 54...Kf7 {[%clk 0:39:42]} 55.Rd7+ {[%clk 0:28:53]} 55...Kf6 {[%clk
0:40:06]} 56.Rd6+ {[%clk 0:29:11]} 56...Kf7 {[%clk 0:40:32]} 57.axb5 {[%clk
0:29:22]} 57...Rf3+ {[%clk 0:40:17]} 58.Rd3 {[%clk 0:29:35]} 58...Rxd3+ {[%clk
0:40:07]} 59.Kxd3 {[%clk 0:30:03]} 59...Rxb5 {[%clk 0:40:30]} 60.Kc4 {[%clk
0:30:17]} 60...Rb4+ {[%clk 0:40:32]} 61.Kc3 {[%clk 0:30:44]} 61...Rb5 {[%clk
0:40:44]} 62.Re4 {[%clk 0:30:51]} 62...Kf6 {[%clk 0:40:48]} 63.Ra4 {[%clk
0:31:06]} 63...Ke6 {[%clk 0:40:58]} 64.Rh4 {[%clk 0:31:07]} 64...Kd6 {[%clk
0:40:48]} 65.Kb2 {[%clk 0:31:09]} 65...Rg5 {[%clk 0:40:00]} 66.Ka3 {[%clk
0:31:31]} 66...Kc6 {[%clk 0:39:51]} 67.Ka4 {[%clk 0:31:59]} 67...Kb6 {[%clk
0:40:08]} 68.Rh6+ {[%clk 0:32:25]} 68...Kb7 {[%clk 0:40:30]} 69.Rd6 {[%clk
0:32:42]} 69...Rh5 {[%clk 0:40:43]} 70.b4 {[%clk 0:32:45]} 1/2-1/2

[Event "Najdorf Memorial"]
[Site "Warsaw POL"]
[Date "2021.07.18"]
[Round "9.18"]
[White "Fiedorek, Michal"]
[Black "Kowalski, Igor"]
[Result "1-0"]
[WhiteElo "2234"]
[BlackElo "2349"]
[EventDate "????.??.??"]
[PlyCount "59"]
[LiveChessVersion "1.4.8"]

1.Nf3 {[%clk 1:30:57]} 1...d5 {[%clk 1:30:55]} 2.c4 {[%clk 1:31:21]} 2...c6
{[%clk 1:31:23]} 3.e3 {[%clk 1:31:17]} 3...Nf6 {[%clk 1:31:47]} 4.d4 {[%clk
1:31:07]} 4...e6 {[%clk 1:32:12]} 5.Nc3 {[%clk 1:31:20]} 5...Nbd7 {[%clk
1:32:38]} 6.Bd3 {[%clk 1:30:32]} 6...dxc4 {[%clk 1:32:51]} 7.Bxc4 {[%clk
1:30:55]} 7...b5 {[%clk 1:33:19]} 8.Be2 {[%clk 1:28:39]} 8...Bd6 {[%clk
1:33:45]} 9.Qc2 {[%clk 1:24:18]} 9...Bb7 {[%clk 1:34:09]} 10.e4 {[%clk 1:23:21]}
10...e5 {[%clk 1:34:29]} 11.dxe5 {[%clk 1:22:36]} 11...Nxe5 {[%clk 1:34:53]}
12.Nd4 {[%clk 1:21:53]} 12...Bc5 {[%clk 1:26:36]} 13.Nf5 {[%clk 1:21:02]}
13...O-O {[%clk 1:26:45]} 14.O-O {[%clk 1:20:14]} 14...Qb6 {[%clk 1:22:10]}
15.Bg5 {[%clk 1:18:58]} 15...Nfd7 {[%clk 1:19:01]} 16.Rad1 {[%clk 1:16:32]}
16...f6 {[%clk 1:17:38]} 17.Bh4 {[%clk 1:13:49]} 17...Rad8 {[%clk 1:10:37]}
18.b4 {[%clk 1:11:01]} 18...g6 {[%clk 1:07:52]} 19.bxc5 {[%clk 1:10:22]}
19...Qxc5 {[%clk 1:08:18]} 20.Nd4 {[%clk 1:09:37]} 20...Qe7 {[%clk 0:59:56]}
21.Qb3+ {[%clk 1:03:42]} 21...Rf7 {[%clk 0:58:44]} 22.f4 {[%clk 0:57:50]}
22...Nc5 {[%clk 0:58:38]} 23.Qa3 {[%clk 0:56:40]} 23...Ned7 {[%clk 0:55:49]}
24.e5 {[%clk 0:55:35]} 24...Qf8 {[%clk 0:52:05]} 25.Nb3 {[%clk 0:45:16]}
25...Rb8 {[%clk 0:31:26]} 26.Nxc5 {[%clk 0:35:39]} 26...Nxc5 {[%clk 0:31:11]}
27.Bxf6 {[%clk 0:34:46]} 27...Bc8 {[%clk 0:31:10]} 28.Rd8 {[%clk 0:34:29]}
28...Qxd8 {[%clk 0:31:04]} 29.Bxd8 {[%clk 0:34:51]} 29...b4 {[%clk 0:31:32]}
30.Qa5 {[%clk 0:33:39]} 1-0

[Event "Najdorf Memorial"]
[Site "Warsaw POL"]
[Date "2021.07.18"]
[Round "9.19"]
[White "Nowak, Mikolaj"]
[Black "Dwilewicz, Katarzyna"]
[Result "1-0"]
[WhiteElo "2310"]
[BlackElo "2082"]
[EventDate "????.??.??"]
[PlyCount "145"]
[LiveChessVersion "1.4.8"]

1.c4 Nf6 2.Nf3 e6 3.e3 d5 4.b3 c5 5.cxd5 exd5 6.Bb2 Nc6 7.Bb5 Bd7 8.O-O Bd6
9.Re1 O-O 10.h3 Re8 11.d4 cxd4 12.Nxd4 Ne4 13.Nf3 a6 14.Bd3 Qe7 15.Nc3 Nxc3
16.Bxc3 Ne5 17.Nxe5 Bxe5 18.Qh5 g6 19.Qxe5 Qxe5 20.Bxe5 Rxe5 21.Rac1 Bc6
22.Red1 Rd8 23.Rd2 Re6 24.Be2 Kf8 25.Bf3 Ke7 26.h4 h5 27.Rd4 Red6 28.Kh2 R8d7
29.g4 hxg4 30.Bxg4 Rd8 31.Kg3 Kf6 32.Rcd1 Ke7 33.R1d2 f6 34.Rd1 Bd7 35.Be2 Be6
36.Bf3 f5 37.Rb4 b6 38.Rc1 Rc8 39.Rxc8 Bxc8 40.Kf4 Ke6 41.Rd4 Bb7 42.Kg5 Kf7
43.h5 gxh5 44.Bxh5+ Kg7 45.Bf3 Kf7 46.Kxf5 Rf6+ 47.Kg4 Ke6 48.Kg3 Ke5 49.Bg2
Rg6+ 50.Kh2 b5 51.f4+ Kd6 52.Bxd5 Bxd5 53.e4 Rg4 54.Rxd5+ Ke6 55.Re5+ Kd6
56.Rf5 Ke6 57.Kh3 Rg1 58.Rh5 Re1 59.Rh6+ Ke7 60.Rxa6 Rxe4 61.Kg4 b4 62.Kf5 Re2
63.Ra7+ Kd6 64.Kg5 Kc6 65.f5 Kb6 66.Ra4 Kb5 67.f6 Rg2+ 68.Kh6 Rh2+ 69.Kg7 Rg2+
70.Kf8 Rf2 71.f7 Re2 72.Ra8 Rh2 73.Kg7 1-0

[Event "Najdorf Memorial"]
[Site "Warsaw POL"]
[Date "2021.07.18"]
[Round "9.20"]
[White "Leskiewicz, Ignacy"]
[Black "Seemann, Jakub"]
[Result "0-1"]
[WhiteElo "2135"]
[BlackElo "2300"]
[EventDate "????.??.??"]
[PlyCount "42"]
[LiveChessVersion "1.4.8"]

1.b3 e5 2.Bb2 Nc6 3.e3 Nf6 4.Bb5 Bd6 5.Na3 a6 6.Bxc6 dxc6 7.Nc4 Qe7 8.Ne2 b5
9.Nxd6+ cxd6 10.O-O c5 11.f4 Bb7 12.a4 O-O 13.Qe1 Nd7 14.Ng3 Qe6 15.axb5 axb5
16.fxe5 dxe5 17.Nf5 Be4 18.Qf2 Bxc2 19.d4 Rxa1 20.Bxa1 Bd3 21.d5 Qf6 0-1